| 000 | 00825nam a22002417a 4500 | ||
|---|---|---|---|
| 003 | OSt | ||
| 005 | 20250411112126.0 | ||
| 008 | 250411b |||||||| |||| 00| 0 eng d | ||
| 020 | _a9789339213015 | ||
| 040 | _cAIMIT LIBRARY | ||
| 082 |
_22 _a346.07 _bTULP |
||
| 100 |
_aTulsian, PC. _9208221 |
||
| 245 |
_aMercantile Laws : _bfor CA common proficiency test / _cBy P C Tulsian and Bharat Tulsian. |
||
| 250 | _a2nd ed. | ||
| 260 |
_aChennai : _bMc Graw Hill Education , _c2017. |
||
| 300 |
_avi,13.96,A.8 p.; _bPB _c23.5 cm. |
||
| 650 |
_aMeaning and essentials of contract _9208222 |
||
| 650 |
_aOffer and acceptance _9208223 |
||
| 650 |
_aVoid agreements and contingent contract _9208224 |
||
| 650 |
_aRemedies for breach of contract _9208225 |
||
| 700 |
_aTulsian, Bharat. _9208226 |
||
| 942 |
_2ddc _cBK _e2nd _k346.07 TULP |
||
| 999 |
_c234148 _d234148 |
||